Paesi più vicini ad Antigua e Barbuda - Statistics

Statistiche generali
  • Questo quiz è stato fatto 14 volte
  • Il punteggio medio è 13 su 20
Statistiche sulle risposte
km paese % Corretto
1317 Cuba
92%
944 Haiti
92%
467 Barbados
85%
154 Dominica
85%
688 Repubblica Dominicana
85%
68 Saint Kitts e Nevis
85%
1230 Bahamas
77%
333 Santa Lucia
77%
1414 Giamaica
69%
409 Saint Vincent e Grenadine
69%
1134 Colombia
62%
642 Trinidad e Tobago
62%
696 Venezuela
62%
500 Grenada
54%
966 Guyana
46%
1338 Suriname
46%
998 Aruba
31%
1318 Brasile
31%
923 Curaçao
31%
126 Sint Maarten
15%
Nessun quiz corrispondente trovato
Distribuzione punteggi
Percentuale di utenti per punteggio
Percentile per numero di risposta
I tuoi punteggi nel tempo
Non hai fatto questo quiz